00418nam a2200157Ia 45000010006000000050017000060080041000230410008000640820016000721000042000882450077001302600009002073000028002166500008002446540008002521724120260306170410.0260306t2008||||xx |||||||||||||| ||und|| aESP a657.61bA93 aAyala Zavala, Pascual [1952-...]eAUT 0aProyecto de plan contable general empresarial:banálisis y comentarios c2008 a219 páginas :c24 cm. aGEN aCCO